|
|
|
|
| LEADER |
00000nab a2200000 a 4500 |
| 001 |
vtls000655920 |
| 003 |
SK-MaSNL |
| 005 |
20260303115837.0 |
| 008 |
180206c1998 xo 0 slo |
| 015 |
|
|
|a SNBRB1998/06-15046
|
| 035 |
|
|
|a CLN000008112
|
| 040 |
|
|
|a SNKBUCL
|b slo
|c SNKBUCL
|e AACR2
|
| 041 |
0 |
|
|a slo
|
| 044 |
|
|
|a xo
|c SK
|
| 080 |
|
|
|a 159.922(048)
|2 UDC-MRF-SK2
|
| 100 |
1 |
|
|a Puškárová, Mária,
|d 1950-
|4 aut
|9 131605
|
| 245 |
1 |
0 |
|a Handicap výhodou
|c Mária Puškárová
|
| 300 |
|
|
|b Fotogr.
|
| 650 |
0 |
7 |
|a deti alkoholikov
|x aspekty psychologické
|x publikácie
|x recenzie
|2 snkbucl
|9 1131767
|
| 655 |
|
7 |
|a články z novín a časopisov
|2 snkbucl
|9 267496
|
| 773 |
0 |
|
|x 1210-1982
|t Knižná revue
|g Roč. 8, č. 11 (1998), s. 5
|
| 787 |
0 |
8 |
|i Rec.:
|a Woititz, Janet Geringer
|t Dospelé deti alkoholikov
|d Bratislava : SOFA, 1997
|z 8085752506
|w SK01SNK19980283343
|
| 850 |
|
|
|a Slovenská národná knižnica v Martine
|
| 852 |
|
|
|a SNK
|b KIS3GCP
|
| 958 |
|
|
|a RBX
|
| 999 |
|
|
|c 1906331
|d 1908261
|